000 02002cam a2200673 4500
001 J123033
008 #DATE n1996 000 0 eng u
020 _a13634372
035 _a(Sirsi) u123033
041 _aeng
050 _a692.5
_c18
110 _aBuilding Cost Information Service
_91096
245 _aBCIS study of average building prices
_bhistograms
260 _aLondon
_bBCIS
_c1996-
490 _aBCIS Bulletin Service
490 _aBCIS Special Study
490 _aBCIS Study of Average Building Prices : Histograms
520 _aAnnual review intended to complement the "BICS surveys of tender prices" (J123000), and giving a graphical presentation of the distribution of costs for different building types. Filed in "BCIS bulletin service" Binder 2.
520 _aNo longer published as hard copy. Replaced by BCIS Online.
650 _aAMBULANCE STATIONS
650 _aBUILDERS' YARDS
650 _aBUILT ENVIRONMENT-BUILDING COSTS
650 _aCARE HOMES
650 _aCOLLEGES
650 _aCOMMUNITY CENTRES
650 _aDAY CENTRES
650 _aDOCTORS' SURGERIES
650 _aFACTORIES
650 _aFIRE STATIONS
650 _aFLATS
650 _aGARAGES
650 _aHEALTH CENTRES
650 _aHOSPITALS
650 _aHOTELS
650 _aHOSTELS
650 _aHOUSES
650 _aHYPERMARKETS
650 _aLABORATORIES
650 _aLAW COURTS
650 _aLIBRARIES
650 _aNURSING HOMES
650 _aOFFICE BUILDINGS
650 _aPOLICE STATIONS
650 _aPUBLIC HOUSES
650 _aPUBLIC TOILETS
650 _aRETAIL WAREHOUSES
650 _aSCHOOLS
650 _aSHELTERED HOUSING
650 _aSHOPPING CENTRES
650 _aSHOPS
650 _aSPORTS BUILDINGS
650 _aSPORTS CENTRES
650 _aSTUDENT HOUSING
650 _aSUPERMARKETS
650 _aSWIMMING POOLS
650 _aWAREHOUSES
690 _aBUILT ENVIRONMENT-BUILDING COSTS
942 _n0
999 _c102980
_d102980